00449 2200169 4500001002100000008004100021035002000062245005600082100002400138260002500162300002600187020002200213084001400235082000800249650001000257990001200267INLIS000000000001424 Ind  a0010-0924000021 aMukjizat Bermental SuksescMaulana Wahiduddin kahn. aWahiduddin, Maulana aJakartabZamanc2015 a322 hlmc14 x 20,5 cm a978-602-9226-35-5 a200 MAU m a200 aAgama a0750925